Escolta Jove : Acompañamiento vivencial de las personas jóvenes Acompañamiento vivencial de las personas jóvenes
Descripción Física:
1 díptic ; il·lustracions color ; 21 x 15 cm
Idioma:
Catalán , Español
MARC
| LEADER | 00000nam a22000007a 4500 | ||
|---|---|---|---|
| 001 | 28539 | ||
| 003 | AGDB | ||
| 005 | 20260324181525.0 | ||
| 008 | 240527b spa||||| |||| 00| 0 cat d | ||
| 017 | |a B 11612-2023 | ||
| 040 | |a agdb |b cat | ||
| 041 | |a spa | ||
| 245 | |a Escolta Jove : |b Acompañamiento vivencial de las personas jóvenes | ||
| 260 | |a Barcelona : |b Diputació de Barcelona ; |c 2023 | ||
| 300 | |a 1 díptic ; |b il·lustracions color ; |c 21 x 15 cm | ||
| 650 | 0 | |a Política de la joventut |9 20537 | |
| 655 | 0 | |a Fulletons |9 55858 | |
| 710 | |a Diputació de Barcelona. Àrea de Sostenibilitat Social, Cicle de Vida i Comunitat |9 69947 | ||
| 942 | |2 udc |c ARXIU |n 1 | ||
| 952 | |0 0 |1 0 |4 0 |6 FU7742 |7 1 |9 97098 |a Arxiu |b Arxiu |d 2024-05-27 |l 0 |o FU-77-42 |p 28539 |r 2024-05-27 00:00:00 |w 2024-05-27 |y ARXIU | ||
| 999 | |c 128929 |d 128929 | ||